Регионална библиотека "Любен Каравелов" - Русе

Храната (Запис номер 436741)

MARC детайли
000 -Лидер
Контролно поле с фиксирана дължина 01792nam a2200397 a 4500
003 - Код на организацията, давaща контролен номер
Контролно поле BLK
005 - Дата и час на последна редакция
Контролно поле 20250517164153.0
008 - Елементи от данни с фиксирана дължина
fixed length control field 211112b bul|||||r ||||||| ||bul||
020 ## - Международен стандартен номер на книга ISBN
Международен стандартен номер на книга ISBN 3800083827351
040 ## - Източник на каталожния запис
Идентификатор на билиотеката - собственик на записа BLK
041 ## - Код за език
Код за езика на текст/звукозапис или на отделно заглавие Български
Код за езика КДБФ Български
080 ## - УДК
Текстов определител УДК Хигиена на храненето. Режим на храненето. Вж и 612.39 ; 614.3 ; 615.874 ; 641
УДК код - определител по УДК 613.2
УДК определител :087.5
УДК - код + определител 613.2:087.5
080 ## - УДК
Текстов определител УДК Хранителни продукти. Хранене
УДК код - определител по УДК 641/642
УДК определител :087.5
УДК - код + определител 641/642:087.5
139 ## - Редно поле
Редна дума Храната
Авторски знак Хран - Х 74
245 10 - Сведения за заглавието
Заглавие Храната
Подзаглавни данни 100 любопитни неща
Редно поле (дума) Текст Сам Баер и др. ; ил. Федерико Мариани, Парко Поло ; прев. Екатерина Митренцева
257 ## - Страна на издаване
Страна на създаване/издаване Съединени американски щати
260 ## - Област на издателските данни
Място на издаване, разпространение и проч. София
Име на издателя, разпространителя и проч. Фют
Година на издаване 2020
300 ## - Физическа характеристика
Страници 128 с. :
Илюстрации и др. с цв. ил.
Размери/Мащаб 23 см
380 ## - Жанр
Жанр Детска отраслова лит.
490 ## - СЕРИИ (Колекции)
Име на серия 100 любопитни неща
9 (RLIN) 467328
500 ## - Общи забележки
Забележка Ориг. загл.: 100 Things to know about Food. - Речник ; Азб. показалец
650 #0 - Допълнително описание по предмет – тема
Основно описание – тема или топоним Хранене - хигиена
9 (RLIN) 244313
653 #7 - Ключова дума – ненормативна
Ключова дума хранителни продукти
9 (RLIN) 200162
700 ## - Други автори (авторска отговорност)
Лично име Митренцева, Екатерина Христева
9 (RLIN) 270859
700 ## - Други автори (авторска отговорност)
Лично име Баер, Сам
Автороска отговорност (Описва отношението между автора и произведението) текст
9 (RLIN) 1581
700 ## - Други автори (авторска отговорност)
Лично име Джеймс, Алис
Автороска отговорност (Описва отношението между автора и произведението) съавт.
9 (RLIN) 1445
700 ## - Други автори (авторска отговорност)
Лично име Мартин, Джером
Автороска отговорност (Описва отношението между автора и произведението) съавт.
9 (RLIN) 1445
700 ## - Други автори (авторска отговорност)
Лично име Фърт, Рейчъл
Автороска отговорност (Описва отношението между автора и произведението) съавт.
9 (RLIN) 292523
700 ## - Други автори (авторска отговорност)
Лично име Хол, Роуз
Автороска отговорност (Описва отношението между автора и произведението) съавт.
9 (RLIN) 1445
700 ## - Други автори (авторска отговорност)
Лично име Мариани, Федерико
Автороска отговорност (Описва отношението между автора и произведението) ил.
9 (RLIN) 599
700 ## - Други автори (авторска отговорност)
Лично име Поло, Парко
Автороска отговорност (Описва отношението между автора и произведението) ил.
9 (RLIN) 467343
852 ## - Местоположение
Фондова буква Детски отдел
Систематично-азбучна сигнатура 613/Х 74
999 ## - СИСТЕМНИ КОНТРОЛНИ НОМЕРА
Koha biblionumber 436741
Koha biblioitemnumber 436741
942 ## - АРТИКУЛИ
Вид на библиотечния материал Книги
Скрит в OPAC Не
Периодичен библиозапис Да
Koha issues (borrowed), all copies 13
944 ## - СЪЗДАВАНЕ И РЕДАКЦИЯ на ЗАПИСА
Създаване/Редакция Създаване
Дата на регистрацията/редакция 2021-11-12
Служител, извършил регистрацията/редакцията 30550
Статус, дата на статуса Кети Илиева
999 ## - СИСТЕМНИ КОНТРОЛНИ НОМЕРА
Koha biblioitemnumber 436741
Наличности
Код за отписване Код за изгубен артикул Източник на класификационната схема Код за повреда Коз за рестрикции Код за отдаване Артикулен № Име на библиотеката - собственик Име на библиотеката, в която се намира в момента Статус (Текущо местоположение) Дата на вписване в системата Местоположение - отдел Цена в лева Систематично азбучна сигнатура Баркод Цена в евро Служебен тип на артикула
  Не е изгубен Universal Decimal Classification Не е повреден без рестрикции заемане за дома 861979 Регионална библиотека "Любен Каравелов" Русе Регионална библиотека "Любен Каравелов" Русе Детски отдел 2021-11-16 Детски отдел 9.67 613/Х 74 120000862470 4.94 Книги
  Не е изгубен Universal Decimal Classification Не е повреден без рестрикции заемане за дома 861980 Регионална библиотека "Любен Каравелов" Русе Регионална библиотека "Любен Каравелов" Русе Детски отдел 2021-11-16 Детски отдел 9.67 613/Х 74 120000862471 4.94 Книги
Vip Innovations Ltd, Rousse, Bulgaria 2025